书目信息 |
| 题名: |
制药分离工程
|
|
| 作者: | 郭立玮 主编 | |
| 分册: | ||
| 出版信息: | 北京 人民卫生出版社 2014.06 |
|
| 页数: | 18, 395页 | |
| 开本: | 26cm | |
| 丛书名: | ||
| 单 册: | ||
| 中图分类: | TQ460.6 | |
| 科图分类: | ||
| 主题词: | 药物--yao wu--分离--高等学校--教材 , 药物--yao wu | |
| 电子资源: | ||
| ISBN: | 978-7-117-18698-8 | |
| 000 | 00962nam0 2200253 450 | |
| 001 | 0106081906 | |
| 005 | 20201106082047.0 | |
| 010 | @a978-7-117-18698-8@dCNY42.00 | |
| 100 | @a20140727e20202014em y0chiy50 ea | |
| 101 | 0 | @achi |
| 102 | @aCN@b110000 | |
| 105 | @aa z 000yy | |
| 106 | @ar | |
| 200 | 1 | @a制药分离工程@Azhi yao fen li gong cheng@f郭立玮主编 |
| 210 | @a北京@c人民卫生出版社@d2014.06@h2020.06 | |
| 215 | @a18, 395页@c图@d26cm | |
| 300 | @a国家卫生和计划生育委员会“十二五”规划教材全国高等医药教材建设研究会“十二五”规划教材全国高等学校制药工程、药物制剂专业规划教材供制药工程、药物制剂专业用 | |
| 330 | @a本书共分16章,内容包括:制药分离工程概述、固体浸取及其强化技术、基于场分离原理的分离技术、膜分离技术、晶体分离技术等。 | |
| 606 | 0 | @a药物@Ayao wu@x分离@x高等学校@j教材 |
| 606 | 0 | @a药物@Ayao wu |
| 690 | @aTQ460.6@v5 | |
| 701 | 0 | @a郭立玮@Aguo li wei@4主编 |
| 801 | 0 | @aCN@bBJSZM@c20201106 |
| 905 | @b1194064-7@dTQ460.6@e120@f4 | |
| 制药分离工程/郭立玮主编.-北京:人民卫生出版社,2014.06(2020.06) |
| 18, 395页:图;26cm |
| 国家卫生和计划生育委员会“十二五”规划教材全国高等医药教材建设研究会“十二五”规划教材全国高等学校制药工程、药物制剂专业规划教材供制药工程、药物制剂专业用 |
| ISBN 978-7-117-18698-8:CNY42.00 |
| 本书共分16章,内容包括:制药分离工程概述、固体浸取及其强化技术、基于场分离原理的分离技术、膜分离技术、晶体分离技术等。 |
| ● |
| 相关链接 |
|
|
|
|
正题名:制药分离工程
索取号:TQ460.6/120
 
预约/预借
| 序号 | 登录号 | 条形码 | 馆藏地/架位号 | 状态 | 备注 |
| 1 | 1194064 | 211940649 | 第二样本阅览室/ [索取号:TQ460.6/120] | 在馆 | |
| 2 | 1194065 | 211940658 | 第三借阅区/ [索取号:TQ460.6/120] | 在馆 | |
| 3 | 1194066 | 211940667 | 第三借阅区/ [索取号:TQ460.6/120] | 在馆 | |
| 4 | 1194067 | 211940676 | 第三借阅区/ [索取号:TQ460.6/120] | 在馆 |